| 000 | 00961cam a2200277 i 4500 | ||
|---|---|---|---|
| 001 | 461940 | ||
| 003 | EG-ScBUE | ||
| 005 | 20250806094332.0 | ||
| 008 | 830830t1984 nyua f b 001 0 eng | ||
| 020 | _a0070327602 | ||
| 040 |
_aEG-ScBUE _beng _erda _cEG-ScBUE _dEG-ScBUE |
||
| 082 | 0 | 4 |
_a546 _222 _bJOL |
| 100 | 1 |
_aJolly, William L., _96222 _eauthor. |
|
| 245 | 1 | 0 |
_aModern inorganic chemistry / _cWilliam L. Jolly, professor of chemistry, University of California, Berkeley. |
| 264 | 1 |
_aNew York : _bMcGraw-Hill Book Company, _c[1984] |
|
| 264 | 4 | _cc1984 | |
| 300 |
_axiv, 610 pages : _billustrations ; _c24 cm |
||
| 336 |
_2rdacontent _atext _btxt |
||
| 337 |
_aunmediated _2rdamedia _bn |
||
| 338 |
_avolume _bnc _2rdacarrier |
||
| 500 | _aRev. ed. of: The principles of inorganic chemistry. 1976. | ||
| 504 | _aIncludes bibliographical references and index. | ||
| 650 | 7 |
_aChemistry, Inorganic. _96223 _2BUEsh |
|
| 655 | _vReading book | ||
| 942 |
_2ddc _cBB |
||
| 999 |
_c11846 _d11846 |
||